Michal Kravčík - Jan Pokorný - Juraja Kohutiar - Martin Kováč - Eugen Tóth: Voda pre ozdravenie klímy - Nová vodná paradigma

Bibliographic Details
Main Author: Resutík, Milan, 1941- (Author)
Format: Article
Language:Slovak
ISSN:1210-1982
Subjects:

MARC

LEADER 00000nab a2200000 ar4500
001 vtls009287235
003 SK-MaSNL
005 20260304225848.0
008 080421c2008 xo |r|p|||||||000 b|slo
015 |a SNBRB2008/04  |2 snkbucl 
038 |a SNKBUCL 
040 |a SNKBUCL  |b slo  |c SNKBUCL  |e AACR2 
041 0 |a slo 
044 |a xo  |c SK 
080 |a 556  |x (048)  |2 2001 
080 |a 551.583  |x (048)  |2 2001 
080 |a 504.37  |x (048)  |2 2001 
100 1 |a Resutík, Milan,  |d 1941-  |4 aut  |9 107310 
245 1 0 |a Michal Kravčík - Jan Pokorný - Juraja Kohutiar - Martin Kováč - Eugen Tóth: Voda pre ozdravenie klímy - Nová vodná paradigma  |c Milan Resutík 
650 0 7 |a voda  |2 snkbucl  |9 854 
650 0 7 |a hydrologický cyklus  |2 snkbucl  |9 69232 
650 0 7 |a životné prostredie  |2 snkbucl  |9 786 
650 0 7 |a klimatické zmeny  |2 snkbucl  |9 3351 
650 0 7 |a ovzdušie  |2 snkbucl  |9 27254 
650 0 7 |a štúdie  |2 snkbucl  |9 92810 
655 7 |a recenzie  |2 snkbucl  |9 21907 
773 0 |t Knižná revue  |g Roč. XVIII, č. 5 (2008), s. 10  |x 1210-1982 
787 0 8 |i Rec.:  |a Kravčík, Michal  |t Voda pre ozdravenie klímy - Nová vodná paradigma  |d Žilina : Municipalia, 2007  |z 9788096976652 
852 |a SNK  |b KIS3GCP 
958 |a RC 
999 |c 3180121  |d 3182051